Statistics for Top Cricket Teams

Click here to take the quiz!

General Stats

  • This quiz has been taken 24 times
  • The average score is 14 of 15

Answer Stats

HintAnswer% Correct
TestEngland
100%
ODIEngland
100%
T20England
100%
TestIndia
100%
ODIIndia
100%
T20India
100%
TestAustralia
95%
ODIAustralia
95%
T20Australia
95%
TestSouth Africa
95%
ODISouth Africa
95%
TestNew Zealand
86%
ODINew Zealand
86%
T20New Zealand
86%
T20Pakistan
82%

Score Distribution

Percentile by Number Answered

Percent of People with Each Score

Your Score History

You have not taken this quiz